Ultramarinos / (Record no. 28573)

MARC details
000 -LEADER
campo de control de longitud fija 00543nam a2200181 i 4500
001 - NÚMERO DE CONTROL
campo de control 28573
003 - IDENTIFICADOR DE NÚMERO DE CONTROL
campo de control ES-MaACL
005 - FECHA Y HORA DE LA ÚLTIMA TRANSACCIÓN
campo de control 20250820152138.0
007 - CAMPO FIJO DE DESCRIPCIÓN FÍSICA--INFORMACIÓN GENERAL
campo de control de longitud fija t|
008 - DATOS DE LONGITUD FIJA--INFORMACIÓN GENERAL
campo de control de longitud fija 030117s1966 sp ||||1| spa d
100 0# - ENTRADA PRINCIPAL--NOMBRE DE PERSONA
Nombre de persona Azorín,
Fechas asociadas al nombre 1873-1967
9 (RLIN) 24326
245 10 - MENCIÓN DEL TÍTULO
Título Ultramarinos /
Mención de responsabilidad, etc. Azorín ; [recopilación de José García Mercadal].
260 ## - PUBLICACIÓN, DISTRIBUCIÓN, ETC.
Lugar de publicación, distribución, etc. Barcelona, etc. :
Nombre del editor, distribuidor, etc. E.D.H.A.S.A.,
Fecha de publicación, distribución, etc. [1966]
300 ## - DESCRIPCIÓN FÍSICA
Extensión 244 p. ;
Dimensiones 20 cm.
700 1# - ENTRADA AGREGADA--NOMBRE PERSONAL
Nombre de persona García Mercadal, J.,
Fechas asociadas al nombre 1883-1975
9 (RLIN) 164264
852 ## - LOCALIZACIÓN
Ubicación ES-MaACL
Número de control de estantería C-30014
Sublocalización o colección R.59941
Holdings
Estatus retirado Estado de pérdida Estado de daño No para préstamo Biblioteca de origen Biblioteca actual Ubicación en estantería Fecha de adquisición Fuente de adquisición Total de préstamos Signatura topográfica completa Código de barras Visto por última vez Precio de reemplazo Tipo de ítem Koha
        Biblioteca del Ateneo de Madrid Biblioteca del Ateneo de Madrid Depósito 2 17/01/2008     C-30014 1029503 23/02/2023 23/02/2023 Libro impreso